Comida en español - Statistics

General Stats
  • This quiz has been taken 252 times
    15 since last reset
  • The average score is 17 of 90
Answer Stats
Food/Drink Allimento/Beber % Correct
Meat carne
92%
Chicken el pollo
38%
Brocoli el brócoli
31%
Coconut el coco
31%
Kiwi el kiwi
31%
Lemon el limón
31%
Mango el mango
31%
Melon el melón
31%
Seafood (Fish) el pescado
31%
Onion la cebolla
31%
Fruit la fruta
31%
Apple la manzana
31%
Orange la naranja
31%
Pineapple la piña
31%
Tomatoes los tomates
31%
Pork carne de cerdo
23%
Beef carne de res
23%
Avacado el aguacate
23%
Garlic el ajo
23%
Rice el arroz
23%
Sugar el azucar
23%
Mushroom el champiñón
23%
Chili el chile
23%
Cabbage el col
23%
Bread el pan
23%
Pepper el pimiento
23%
Banana el plátano
23%
Cheese el queso
23%
Yogurt el yogur
23%
Spinach la espinaca
23%
Lettuce la lechuga
23%
Lime la lima
23%
Potato (Latin America) la papa
23%
Paprika la paprika
23%
Pasta la pasta
23%
Pear la pera
23%
Salt la sal
23%
Watermelon la sandía
23%
Grapes las uvas
23%
Carrot la zanahoria
23%
Asparagus los espárragos
23%
Eggs los huevos
23%
Olive Oil el aceite de oliva
15%
Vegetable Oil el aceite vegetal
15%
Courgette (zucchini) el calabacín
15%
Coriander el cilantro
15%
Cumin el comino
15%
Seafood (Shellfish) el marisco
15%
Oregano el orégano
15%
Cucumber el pepino
15%
Squash la calabaza
15%
Sweet potato la papa dulce
15%
Almonds las almendras
15%
Hazelnuts las avellanas
15%
Chestnuts las castañas
15%
Brussel Sprouts las coles de bruselas
15%
Herbs las hierbas
15%
Walnuts las nueces
15%
Vegetables las verduras
15%
Peanuts los cacahuetes
15%
Beans los frijoles
15%
Grains los granos
15%
Ginger el jengibre
8%
Chili Powder (Dust) el polvo de chile
8%
Curry Powder (Dust) el polvo de curry
8%
Cottage cheese el requesón
8%
Rosemary el romero
8%
Thyme el tomillo
8%
Vinegar el vinagre
8%
Basil la albahaca
8%
Aubergine la berenjena
8%
Cauliflower la coliflor
8%
Corn la maíz
8%
Butter la manteca
8%
Black Pepper la pimienta negra
8%
Soy Sauce (sauce of soy) la salsa de soya
8%
Spices las especias
8%
Legumes las legumbres
8%
Lentils las lentejas
8%
Seeds las semillas
8%
Pumpkin Seeds las semillas De Calabaza
8%
Chia Seeds las semillas de chía
8%
Sunflower Seeds las semillas de girasol
8%
Cashew Nuts los anacardos
8%
Noodles los fideos
8%
Nuts los frutos seccos
8%
Chickpeas los garbanzos
8%
Peas los guisantes
8%
Pistachios los pistachos
8%
Greek Yogurt yogur griego
8%
No matching quizzes found
Score Distribution
Percent of People with Each Score
Percentile by Number Answered
Your Score History
You have not taken this quiz since the last reset